El licenciado vidriera

Na minha lista:
Detalhes bibliográficos
Autor principal: Cervantes Saavedra, Miguel de
Formato: Livro
Idioma:Spanish
Publicado em: Buenos Aires, Argentina Kapelusz 1971
Assuntos:
Tags: Adicionar Tag
Sem tags, seja o primeiro a adicionar uma tag!

MARC

LEADER 00000nam a2200000Ia 4500
008 170316s9999 xx 000 0 spa d
999 |c 9707  |d 9707 
040 |a cru BVZT 
090 |a 862 C-37L 
100 |a Cervantes Saavedra, Miguel de 
245 |a El licenciado vidriera 
260 |a Buenos Aires, Argentina 
260 |b Kapelusz 
260 |c 1971 
300 |a 75 páginas 
650 |a LITERATURA ESPAÑOLA  |9 23 
650 |a BIOGRAFÍA CRONOLÓGICA DE MIGUEL DE CERVANTES SAAVEDRA 
650 |a ANÁLISIS DE LA NOVELA EL LICENCIADO VIDRIERA 
650 |a NOVELA - EL LICENCIADO VIDRIERA 
942 |c 15 D  |h 862 C-37L  |2 z